Maisie Peters: The Good Witch - Statistics

General Stats
  • This quiz has been taken 13 times
  • The average score is 12 of 15
Answer Stats
Hint Answer % Correct
TGW The Good Witch
100%
COA Coming Of Age
91%
R Run
91%
W Watch
91%
YJAB You're Just A Boy
91%
HOM History Of Man
82%
W Wendy
82%
BB Body Better
73%
B BSC
73%
TBAI The Band And I
73%
T Therapy
73%
TIG There It Goes
73%
LTB Lost The Breakup
64%
TWA Two Weeks Ago
64%
WYB Want You Back
64%
No matching quizzes found
Score Distribution
Percent of People with Each Score
Percentile by Number Answered
Your Score History
You have not taken this quiz